| 000 -LEADER |
| fixed length control field |
00806nam a2200229Ia 4500 |
| 001 - CONTROL NUMBER |
| control field |
2189 |
| 003 - CONTROL NUMBER IDENTIFIER |
| control field |
GE_BSU |
| 005 - DATE AND TIME OF LATEST TRANSACTION |
| control field |
20221021112527.0 |
| 008 - FIXED-LENGTH DATA ELEMENTS--GENERAL INFORMATION |
| fixed length control field |
181216s1998ru xx |||||||||||||| ||rus|| |
| 020 ## - INTERNATIONAL STANDARD BOOK NUMBER |
| International Standard Book Number |
5851780479 |
| 040 ## - CATALOGING SOURCE |
| Transcribing agency |
GE_BSU |
| 041 ## - LANGUAGE CODE |
| Language code of text/sound track or separate title |
rus |
| 080 ## - UNIVERSAL DECIMAL CLASSIFICATION NUMBER |
| Universal Decimal Classification number |
1Ф-56 |
| 245 ## - TITLE STATEMENT |
| Title |
Философия= Philosophy : |
| Remainder of title |
Учебник. для студ.вузов / |
| Statement of responsibility, etc. |
Под ред.В.Н.Лавриненко, В.П.Ратникова. |
| 264 ## - PRODUCTION, PUBLICATION, DISTRIBUTION, MANUFACTURE, AND COPYRIGHT NOTICE |
| Place of production, publication, distribution, manufacture |
Москва : |
| Name of producer, publisher, distributor, manufacturer |
Культура и спорт, |
| Date of production, publication, distribution, manufacture, or copyright notice |
1998. |
| 300 ## - PHYSICAL DESCRIPTION |
| Extent |
584 стр.: |
| Other physical details |
19 см. |
| 653 ## - INDEX TERM--UNCONTROLLED |
| keyword |
Философия |
| 653 ## - INDEX TERM--UNCONTROLLED |
| keyword |
ფილოსოფია |
| 700 ## - ADDED ENTRY--PERSONAL NAME |
| Personal name |
Лавриненко, В.Н. |
| Relator term |
რედაქტორი |
| 9 (RLIN) |
15415 |
| 700 ## - ADDED ENTRY--PERSONAL NAME |
| Personal name |
Ратникова, В.П. |
| Relator term |
რედაქტორი |
| 9 (RLIN) |
15416 |
| 942 ## - ADDED ENTRY ELEMENTS (KOHA) |
| Koha item type |
წიგნი |
| Source of classification or shelving scheme |
|